Sports Quiz

Random Sports or Football Quiz
Score 0/110 Timer 12:00
0 Plays Today
Hint Answer % Correct
Milan - JUVENTUS 0-2 (2017/18)Giorgio Chiellini
98.3%
JUVENTUS - Milan 3-1 (2017/18)Giorgio Chiellini
98.3%
Juventus - MILAN 3-1 (2017/18)Leonardo Bonucci
98.3%
Milan - JUVENTUS 0-2 (2018/19)Giorgio Chiellini
98.3%
JUVENTUS - Milan 2-1 (2018/19)Leonardo Bonucci
98.3%
JUVENTUS - Milan 1-0 (2019/20)Leonardo Bonucci
98.3%
Milan - JUVENTUS 0-2 (2017/18)Paulo Dybala
97.8%
Milan - JUVENTUS 0-2 (2017/18)Gonzalo Higuaín
97.8%
JUVENTUS - Milan 3-1 (2017/18)Paulo Dybala
97.8%
JUVENTUS - Milan 3-1 (2017/18)Gonzalo Higuaín
97.8%
MILAN - Juventus 0-2 (2018/19)Gonzalo Higuaín
97.8%
Milan - JUVENTUS 0-2 (2018/19)Paulo Dybala
97.8%
JUVENTUS - Milan 2-1 (2018/19)Paulo Dybala
97.8%
JUVENTUS - Milan 1-0 (2019/20)Gonzalo Higuaín
97.8%
Milan - JUVENTUS 0-2 (2017/18)Gianluigi Buffon
97.4%
Milan - JUVENTUS 0-2 (2017/18)Mario Mandžukić
97.4%
JUVENTUS - Milan 3-1 (2017/18)Gianluigi Buffon
97.4%
Milan - JUVENTUS 0-2 (2018/19)Mario Mandžukić
97.4%
JUVENTUS - Milan 2-1 (2018/19)Mario Mandžukić
97.4%
Milan - JUVENTUS 0-2 (2017/18)Miralem Pjanić
97%
JUVENTUS - Milan 3-1 (2017/18)Miralem Pjanić
97%
Milan - JUVENTUS 0-2 (2018/19)Miralem Pjanić
97%
Milan - JUVENTUS 0-2 (2018/19)Cristiano Ronaldo
97%
JUVENTUS - Milan 1-0 (2019/20)Miralem Pjanić
97%
JUVENTUS - Milan 1-0 (2019/20)Cristiano Ronaldo
97%
MILAN - Juventus 0-2 (2017/18)Gianluigi Donnarumma
96.1%
JUVENTUS - Milan 3-1 (2017/18)Blaise Matuidi
96.1%
Juventus - MILAN 3-1 (2017/18)Gianluigi Donnarumma
96.1%
MILAN - Juventus 0-2 (2018/19)Gianluigi Donnarumma
96.1%
Milan - JUVENTUS 0-2 (2018/19)Blaise Matuidi
96.1%
JUVENTUS - Milan 1-0 (2019/20)Blaise Matuidi
96.1%
Juventus - MILAN 1-0 (2019/20)Gianluigi Donnarumma
96.1%
Milan - JUVENTUS 0-2 (2017/18)Juan Cuadrado
95.2%
Milan - JUVENTUS 0-2 (2017/18)Sami Khedira
95.2%
JUVENTUS - Milan 3-1 (2017/18)Sami Khedira
95.2%
Milan - JUVENTUS 0-2 (2018/19)Alex Sandro
95.2%
JUVENTUS - Milan 2-1 (2018/19)Alex Sandro
95.2%
Hint Answer % Correct
JUVENTUS - Milan 1-0 (2019/20)Juan Cuadrado
95.2%
JUVENTUS - Milan 1-0 (2019/20)Alex Sandro
95.2%
JUVENTUS - Milan 2-1 (2018/19)Emre Can
94.8%
JUVENTUS - Milan 1-0 (2019/20)Matthijs de Ligt
94.8%
Milan - JUVENTUS 0-2 (2017/18)Stephan Lichtsteiner
94.4%
JUVENTUS - Milan 3-1 (2017/18)Stephan Lichtsteiner
94.4%
Milan - JUVENTUS 0-2 (2018/19)Wojciech Szczęsny
94.4%
JUVENTUS - Milan 2-1 (2018/19)Wojciech Szczęsny
94.4%
JUVENTUS - Milan 1-0 (2019/20)Wojciech Szczęsny
94.4%
JUVENTUS - Milan 3-1 (2017/18)Medhi Benatia
92.6%
JUVENTUS - Milan 3-1 (2017/18)Andrea Barzagli
92.6%
Milan - JUVENTUS 0-2 (2018/19)Medhi Benatia
92.6%
Juventus - MILAN 2-1 (2018/19)Krzysztof Piątek
92.6%
Juventus - MILAN 1-0 (2019/20)Krzysztof Piątek
92.6%
MILAN - Juventus 0-2 (2017/18)Suso
90.9%
Milan - JUVENTUS 0-2 (2017/18)Kwadwo Asamoah
90.9%
JUVENTUS - Milan 3-1 (2017/18)Kwadwo Asamoah
90.9%
Juventus - MILAN 3-1 (2017/18)Suso
90.9%
MILAN - Juventus 0-2 (2018/19)Suso
90.9%
Juventus - MILAN 2-1 (2018/19)Suso
90.9%
Juventus - MILAN 1-0 (2019/20)Suso
90.9%
MILAN - Juventus 0-2 (2017/18)Ricardo Rodríguez
89.6%
Juventus - MILAN 3-1 (2017/18)Ricardo Rodríguez
89.6%
MILAN - Juventus 0-2 (2018/19)Ricardo Rodríguez
89.6%
Milan - JUVENTUS 0-2 (2018/19)João Cancelo
89.6%
Juventus - MILAN 2-1 (2018/19)Ricardo Rodríguez
89.6%
Milan - JUVENTUS 0-2 (2018/19)Rodrigo Bentancur
89.2%
JUVENTUS - Milan 2-1 (2018/19)Rodrigo Bentancur
89.2%
JUVENTUS - Milan 1-0 (2019/20)Rodrigo Bentancur
89.2%
Juventus - MILAN 2-1 (2018/19)Pepe Reina
88.3%
MILAN - Juventus 0-2 (2017/18)Hakan Çalhanoğlu
87.9%
Juventus - MILAN 3-1 (2017/18)Hakan Çalhanoğlu
87.9%
MILAN - Juventus 0-2 (2018/19)Hakan Çalhanoğlu
87.9%
Juventus - MILAN 2-1 (2018/19)Hakan Çalhanoğlu
87.9%
Juventus - MILAN 1-0 (2019/20)Hakan Çalhanoğlu
87.9%
Milan - JUVENTUS 0-2 (2017/18)Daniele Rugani
84%
JUVENTUS - Milan 2-1 (2018/19)Daniele Rugani
84%
Hint Answer % Correct
JUVENTUS - Milan 2-1 (2018/19)Federico Bernardeschi
83.5%
JUVENTUS - Milan 1-0 (2019/20)Federico Bernardeschi
83.5%
MILAN - Juventus 0-2 (2017/18)Franck Kessié
82.7%
Juventus - MILAN 3-1 (2017/18)Franck Kessié
82.7%
MILAN - Juventus 0-2 (2018/19)Franck Kessié
82.7%
Juventus - MILAN 2-1 (2018/19)Franck Kessié
82.7%
JUVENTUS - Milan 2-1 (2018/19)Mattia De Sciglio
81.8%
MILAN - Juventus 0-2 (2017/18)Cristián Zapata
81%
MILAN - Juventus 0-2 (2018/19)Cristián Zapata
81%
MILAN - Juventus 0-2 (2017/18)Alessio Romagnoli
80.5%
Juventus - MILAN 3-1 (2017/18)Alessio Romagnoli
80.5%
MILAN - Juventus 0-2 (2018/19)Alessio Romagnoli
80.5%
Juventus - MILAN 2-1 (2018/19)Alessio Romagnoli
80.5%
Juventus - MILAN 1-0 (2019/20)Alessio Romagnoli
80.5%
Juventus - MILAN 3-1 (2017/18)André Silva
79.7%
MILAN - Juventus 0-2 (2017/18)Lucas Biglia
75.8%
Juventus - MILAN 3-1 (2017/18)Lucas Biglia
75.8%
MILAN - Juventus 0-2 (2017/18)Ignazio Abate
75.3%
MILAN - Juventus 0-2 (2018/19)Ignazio Abate
75.3%
Juventus - MILAN 1-0 (2019/20)Theo Hernández
69.3%
Juventus - MILAN 2-1 (2018/19)Mateo Musacchio
65.8%
Juventus - MILAN 1-0 (2019/20)Lucas Paquetá
65.8%
MILAN - Juventus 0-2 (2017/18)Nikola Kalinić
62.3%
Juventus - MILAN 1-0 (2019/20)Ismaël Bennacer
61.9%
MILAN - Juventus 0-2 (2018/19)Samu Castillejo
59.3%
MILAN - Juventus 0-2 (2018/19)Tiemoué Bakayoko
58%
Juventus - MILAN 2-1 (2018/19)Tiemoué Bakayoko
58%
Juventus - MILAN 3-1 (2017/18)Giacomo Bonaventura
57.1%
Juventus - MILAN 3-1 (2017/18)Davide Calabria
54.1%
Juventus - MILAN 2-1 (2018/19)Davide Calabria
54.1%
Juventus - MILAN 1-0 (2019/20)Andrea Conti
51.1%
MILAN - Juventus 0-2 (2017/18)Fabio Borini
43.3%
Juventus - MILAN 2-1 (2018/19)Fabio Borini
43.3%
Juventus - MILAN 1-0 (2019/20)Rade Krunić
40.3%
Juventus - MILAN 1-0 (2019/20)Léo Duarte
36.8%
JUVENTUS - Milan 2-1 (2018/19)Leonardo Spinazzola
24.2%
Come Together.
Have Fun.
All Virtual.
We all need to come together. Play Sporcle's virtual live trivia to have fun, connect with people, and get your trivia on. Join a live hosted trivia game for your favorite pub trivia experience done virtually. If a virtual private party is more your thing, go here for details.

You're not logged in!

Compare scores with friends on all Sporcle quizzes.
OR
Log In

Sporcle TV

Today on Sporcle TV


Watch our educational content, quiz creation guides, and fun videos on Sporcle TV.

Show Comments

Extras

Top Quizzes Today


Score Distribution

Paid Content

Your Account Isn't Verified!

In order to create a playlist on Sporcle, you need to verify the email address you used during registration. Go to your Sporcle Settings to finish the process.

Report this User

Report this user for behavior that violates our Community Guidelines.

Details: